000 00860cab a2200241 4500
001 X3068
008 090401t1995 xxu||||| |||| 00| 0 eng d
035 _a(Sirsi) u28318
041 _aeng
245 _aFinancial assistance for training and development
260 _c1995
350 _a0
490 _aCSM (Chartered Surveyor Monthly)
_v5(3) November/December 1995, 6(1)
520 _aDiscusses briefly sources of funding for training needs of small and medium sized firms such as TECs and Career Development Loans.
650 _aCAREER DEVELOPMENT LOANS
650 _aCAREERS, EDUCATION AND TRAINING
650 _aNATIONAL VOCATIONAL QUALIFICATIONS
650 _aTRAINING ENTERPRISE COUNCILS
650 _aCAREERS, EDUCATION AND TRAINING
690 _aMANAGEMENT-BUSINESS MANAGEMENT-PROFESSIONAL PRACTICE
942 _n0
948 _c04/03/1997
999 _c19083
_d19083